Word Ladder: Rock & Roll HoF Quiz Stats

 Plays Quiz Updated Jun 10, 2018

Challenge
Share
Tweet
Embed
Score 0/14 Timer 03:00
0 Plays Today
Clue Seven-letter Word % Correct
Talked loudly and proudlyBOASTED
83.1%
Rode a bike without pedallingCOASTED
82.4%
Star Wars gunBLASTER
79.9%
Drunk, slangilyBLASTED
74.8%
_______ of ParisPLASTER
72.7%
Member of a doo wop group inducted into the Rock & Roll Hall of Fame in 1987COASTER
70.8%
With rung above, light & lively discussionCHATTER
56.3%
Clue Seven-letter Word % Correct
More pure, modest or celibate thanCHASTER
56.1%
Animal, usually a small and wild oneCRITTER
54.3%
With rung below, light & lively discussionCHITTER-
51.8%
Con artistGRIFTER
45.9%
Member of a doo wop group inducted into the Rock & Roll Hall of Fame in 1990PLATTER
45.5%
Truck that spreads sand on icy roads (UK)GRITTER
45.4%
Member of a doo wop group inducted into the Rock & Roll Hall of Fame in 1988DRIFTER
42.4%

Today's Daily Dose

Missing Word
No Snow!

Word Ladder
Wild Cats

On This Day
December 16th II

You're not logged in!

Compare scores with friends on all Sporcle quizzes.
OR
Log In

You Might Also Like...

Show Comments

Extras

Top Quizzes Today


Score Distribution

Your Account Isn't Verified!

In order to create a playlist on Sporcle, you need to verify the email address you used during registration. Go to your Sporcle Settings to finish the process.

Report this User

Report this user for behavior that violates our Community Guidelines.

Details: